| 000 | 00453nam a2200181Ia 4500 | ||
|---|---|---|---|
| 001 | 10734 | ||
| 008 | 140331s9999 xx 000 0 und d | ||
| 020 | _a0-06-017491-9 | ||
| 040 | _cPK-LaUMT | ||
| 082 |
_a 613 _bSER-T |
||
| 100 | _aSerure, Pamela | ||
| 245 |
_aThe 3-Day energy fast : Cleanse your body, clear your mind, _cSerure, Pamela |
||
| 260 | _c1997 | ||
| 300 | _a248 p. | ||
| 546 | _aEN | ||
| 650 | _aFasting-Health aspects | ||
| 942 | _cBK | ||
| 999 |
_c11695 _d11695 |
||